Kybernetický prístup k automatizácii riadenia výrobného odboru valivých ložísk kandidátska dizertačná práca

Salvato in:
Dettagli Bibliografici
Autore principale: Faško, Marián
Ente Autore: Vysoká škola ekonomická v Bratislave. Fakulta riadenia
Altri autori: Romančík, Ľudovít
Natura: Libro
Lingua:slovacco
Pubblicazione: Bratislava 1980
Tags: Aggiungi Tag
Nessun Tag, puoi essere il primo ad aggiungerne!!

MARC

LEADER 00000nam a2200000 4500
001 c138814
005 20230116080645.6
041 0 |a slo 
044 |a SK 
245 1 0 |a Kybernetický prístup k automatizácii riadenia výrobného odboru valivých ložísk  |b kandidátska dizertačná práca  |c Marián Faško ; Ved. Ľudovít Romančík 
264 1 |a Bratislava  |c 1980 
300 |a 219 s. 
100 1 |a Faško, Marián 
700 1 |a Romančík, Ľudovít 
710 2 |a Vysoká škola ekonomická v Bratislave. Fakulta riadenia